No future for zones (Record no. 71232)

MARC details
000 -LEADER
fixed length control field 01037cam a2200217 4500
001 - CONTROL NUMBER
control field ABS65974
008 - FIXED-LENGTH DATA ELEMENTS--GENERAL INFORMATION
fixed length control field 020925n2002 000 0 eng u
035 ## - SYSTEM CONTROL NUMBER
System control number (Sirsi) u119853
100 ## - MAIN ENTRY--PERSONAL NAME
Personal name Allmendinger, P
245 ## - TITLE STATEMENT
Title No future for zones
260 ## - PUBLICATION, DISTRIBUTION, ETC.
Date of publication, distribution, etc. 2002
490 ## - SERIES STATEMENT
Series statement Planning (for the Natural and Built Environment)
Volume/sequential designation (1480) 2 August 2002, 14(1)
520 ## - SUMMARY, ETC.
Summary, etc. Argues that the recent government announcement that business planning zones are to go ahead to 'speed up development and create jobs in high-unemployment areas' has been greeted with disappointment. It is thought that selective deregulation of planning will lead to more development, which is representative of a narrow business agenda. It is regarded that these new initiatives will make no more impact than their predecessors.
590 ## - LOCAL NOTE (RLIN)
Local note ABS
650 ## - SUBJECT ADDED ENTRY--TOPICAL TERM
Topical term or geographic name entry element PLANNING ZONES
650 ## - SUBJECT ADDED ENTRY--TOPICAL TERM
Topical term or geographic name entry element BUSINESS PLANNING ZONES
650 ## - SUBJECT ADDED ENTRY--TOPICAL TERM
Topical term or geographic name entry element SIMPLIFIED PLANNING ZONES
650 ## - SUBJECT ADDED ENTRY--TOPICAL TERM
Topical term or geographic name entry element SPZS
690 ## - LOCAL SUBJECT ADDED ENTRY--TOPICAL TERM (OCLC, RLIN)
Topical term or geographic name as entry element ENVIRONMENTAL AND LAND CONSULTANCY-PLANNING AND DEVELOPMENT
942 ## - ADDED ENTRY ELEMENTS (KOHA)
Suppress in OPAC 0
Holdings
Withdrawn status Lost status Source of classification or shelving scheme Damaged status Not for loan Home library Current library Shelving location Date acquired Total Checkouts Full call number Barcode Date last seen Copy number Price effective from Koha item type
    Dewey Decimal Classification     London London Journal article 25/09/2002   ABS65974 119853-1001 06/08/2019 1 06/08/2019 Journal article